Statistics for Top Ten Foreign Cities South Koreans Visited The Most

Click here to take the quiz!

General Stats

  • This quiz has been taken 134 times
  • The average score is 7 of 10

Answer Stats

HintPercentage of TotalAnswer% Correct
East Asia6.9%Tokyo
98%
Southeast Asia4.6%Bangkok
88%
East Asia4%Shanghai
85%
East Asia7.4%Osaka
83%
Southeast Asia3%Singapore
81%
Southeast Asia4.6%Hongkong
78%
Southeast Asia2.4%Manila
76%
East Asia4.8%Taipei
72%
East Asia3.5%Fukuoka
34%
Pacific2.8%Guam
26%

Score Distribution

Percentile by Number Answered

Percent of People with Each Score

Your Score History

You have not taken this quiz